000 00413nam a22001697a 4500
003 NUST - PNEC
005 20170116181107.0
008 151003b xxu||||| |||| 00| 0 eng d
020 _a-
040 _cLIBRARY
082 _a808.87 KAY
100 _912697
_aKayani, M. R.
245 _aNot the whole truth
_cM. R. Kayani
260 _cc.1965
650 _912699
_aEnglish Literature
_xGeneral
942 _2ddc
_cBK
999 _c68976
_d68976